StadtLicht : Lichtkonzepte für die Stadtgestaltung /
Saved in:
| Other Authors: | , |
|---|---|
| Format: | Book |
| Published: |
Stuttgart :
Fraunhofer IRB,
2006
|
| Subjects: | |
| Tags: |
No Tags, Be the first to tag this record!
|
MARC
| LEADER | 00000nam a22000003a 4500 | ||
|---|---|---|---|
| 001 | stu162078 | ||
| 005 | 20150617225955.2 | ||
| 008 | 080425s2006----------------------------d | ||
| 020 | |a 978-3-8167-6992-7 | ||
| 040 | |a STU |b slo | ||
| 041 | 0 | ||
| 100 | 1 | |a Schmidt, J. Alexander |4 edt | |
| 245 | 1 | |a StadtLicht : |b Lichtkonzepte für die Stadtgestaltung / |c Hrsg. A. Schmidt a M. Töllner | |
| 260 | |a Stuttgart : |b Fraunhofer IRB, |c 2006 | ||
| 300 | |a 224 s | ||
| 650 | 7 | |a Licht |2 stusub | |
| 650 | 7 | |a osvetlenie |2 stusub | |
| 650 | 7 | |a osvetlenie mesta |2 stusub | |
| 700 | 1 | |a Töllner, Martin |4 edt | |
| 996 | |b 284AU03912 |c A*5830 |l AA3130 |s P |a 0 |w stu162078_0001 | ||